000 00608nam a2200181Ia 4500
008 140609s9999 xx 000 0 und d
020 _a9781107009240
050 _aP 126
_b.K43 2012
100 _aKertesz, Andras.
245 _aData and evidence in linguistics :
_ba plausible argumentation model /
_cAndras Kertesz, Csilla Rakosi
260 _aCambridge, UK ; New York :
_bCambridge University Press,
_cc2012.
300 _a297 p. ;
_c24 cm.
500 _aIncludes bibliographical references and index.
521 _aGE
650 _aComputational linguistics.
942 _kFOR
_cBK
999 _c117942
_d117942